书目信息 |
| 题名: |
中国当代战略文典
|
|
| 作者: | 方向 主编 | |
| 分册: | ||
| 出版信息: | 北京 中国经济出版社 1999.1 |
|
| 页数: | 1499页 | |
| 开本: | 26cm | |
| 丛书名: | ||
| 单 册: | ||
| 中图分类: | C53 | |
| 科图分类: | ||
| 主题词: | 社会科学--文集 , 社会科学--会议录 | |
| 电子资源: | ||
| ISBN: | 7-5017-4526-9 | |
| 000 | 00588nam0 2200205 45 | |
| 001 | 0005151676 | |
| 005 | 20050620141607.5 | |
| 010 | @a7-5017-4526-9@b精装@dCNY380.00 | |
| 100 | @a20000515d1999 km y0chiy0120 ea | |
| 101 | 0 | @achi |
| 105 | @a z 000yy | |
| 200 | 1 | @a中国当代战略文典@AZhong Guo Dang Dai Zhan Lue Wen Dian@f方向主编@FFangXiang Zhu Bian |
| 210 | @a北京@c中国经济出版社@d1999.1 | |
| 215 | @a1499页@d26cm | |
| 606 | 0 | @a社会科学@x文集 |
| 606 | 0 | @a社会科学@x会议录 |
| 690 | @aC53@v3 | |
| 701 | 0 | @a方向@4主编 |
| 801 | @aCN@bTSTC@c20000515 | |
| 905 | @dC53@f1@b288474@e102 | |
| 中国当代战略文典/方向主编.-北京:中国经济出版社,1999.1 |
| 1499页;26cm |
| ISBN 7-5017-4526-9(精装):CNY380.00 |
| ● |
| 相关链接 |
|
|
|
|
正题名:中国当代战略文典
索取号:C53/102
 
预约/预借
| 序号 | 登录号 | 条形码 | 馆藏地/架位号 | 状态 | 备注 |
| 1 | 0288474 | 002884748 | 第一样本阅览室/ [索取号:C53/102] | 在馆 |